Loading...

Nutrition counseling in the treatment of eating disorders

Bibliographic Details
Main Author: Herrin, Marcia
Other Authors: Larkin, Maria
Format: Printed Book
Published: New York, NY : Brunner-Routledge, 2013.
Edition:2nd ed.
Subjects:
LEADER 00757cam a2200217 a 4500
020 |a 9780415871037 (hardback : alk. paper) 
020 |a 9780415642576 (pbk. : alk. paper) 
082 0 0 |a 616.852606  |b HER/N 
100 1 |a Herrin, Marcia. 
245 1 0 |a Nutrition counseling in the treatment of eating disorders  
250 |a 2nd ed. 
260 |a New York, NY :  |b Brunner-Routledge,  |c 2013. 
300 |a x, 347 p. :  |b ill. ; 
650 0 |a Eating disorders 
650 0 |a Eating disorders 
650 0 |a Eating disorders 
650 0 |a Nutrition. 
700 1 |a Larkin, Maria. 
942 |c BK 
999 |c 32276  |d 32276 
952 |0 0  |1 0  |4 0  |6 616_852606000000000_HERN  |7 0  |8 Stack  |9 34155  |a KUCL  |b KUCL  |c Stack  |d 2015-05-27  |g 3702.00  |l 0  |o 616.852606 HER/N  |p 38486  |r 2015-05-27  |w 2015-05-27  |y BK